000 00294nam a22001337a 4500
008 171023b xxu||||| |||| 00| 0 eng d
020 _a2901111532870
041 _aeng
080 _a338
100 _a54
101 _aMEN
245 _aSMALL BUSINESS MANAGEMENT
_cHOY.L
942 _2udc
_cBK
999 _c35371
_d35371